00630nam a2200229 a 4500001001300000003000900013005001700022008004100039020001200080082001600092100001700108245002500125260003200150300000900182500003500191505001000226700001700236902000800253942000700261952011700268999001500385nice12345678IN_TiNIC20260116013140.0050524s1970 lona grp 000 0 eng  ac228.900a297.4bSHA7 aShah, Idries aWisdom of the Idiots aLondonbOctagon Pressc1970 a179p aincludes index and biblioraphy2 aIndex1 aShah, Idries bSRS cBK 001040708StackRoom-aHMIbHMId2008-03-07g228.90l0o297.4 SHA7p017027r2008-03-07v228.90w2005-05-24yBK c9863d9863